Úloha slovenského manažéra po vstupe SR do EÚ

Analýza prostredia, ktoré ovplyvňuje slovenského manažéra, a tým aj jeho podnikateľské aktivity a stratégiu. Príčiny zmeny právneho prostredia, Európska dohoda o pridružení. Pripravenosť slovenského manažéra na pôsobenie v podmienkach vnútorného trhu EÚ, determinujúce faktory. Manažér v multikultúrn...

Ausführliche Beschreibung

Gespeichert in:
Bibliographische Detailangaben
1. Verfasser: Nováčková, Daniela
Format: Buchkapitel
Sprache:Slowakisch
Schlagworte:
Tags: Tag hinzufügen
Keine Tags, Fügen Sie das erste Tag hinzu!

MARC

LEADER 00000naa$a2200000$$$4500
001 0033234
005 20231106071505.5
041 0 |a slo 
044 |a SK 
245 1 0 |a Úloha slovenského manažéra po vstupe SR do EÚ  |c Daniela Nováčková 
520 |a Analýza prostredia, ktoré ovplyvňuje slovenského manažéra, a tým aj jeho podnikateľské aktivity a stratégiu. Príčiny zmeny právneho prostredia, Európska dohoda o pridružení. Pripravenosť slovenského manažéra na pôsobenie v podmienkach vnútorného trhu EÚ, determinujúce faktory. Manažér v multikultúrnom prostredí. Slovenský manažér a jeho úloha pri realizácii podnikateľských aktivít v rámci EÚ. Lisabonská stratégia a slovenský manažér. Sieť SOLVIT na riešenie problémov týkajúcich sa porušenia pravidiel vnútorného trhu EÚ orgánmi verejnej správy. 
610 2 0 |a legislatíva 
610 2 0 |a aproximácia práva 
610 2 0 |a trh vnútorný 
610 2 0 |a Európska únia 
610 2 0 |a manažéri 
610 2 0 |a Slovensko 
610 2 0 |a podnikanie 
100 1 |a Nováčková, Daniela